000 00637nam a2200229Ia 4500
003 OSt
005 20220926015137.0
006 a|||||r|||| 00| 0
007 ta
008 220923b |||||||| |||| 00| 0 eng d
020 _a9780195697025
_c595
037 _cGeneral Book
040 _aRTL
_cRTL
_beng
041 _2eng
_aeng
082 _aY15:3(O111,3), Q8
100 _aSEN Nabaneeta Dev
_9321681
245 0 _aFive novellas by women writers
260 _aNew York
_bOxford
_c2008
300 _axxii,312p.
_ccm.
942 _hY15:3(O111,3), Q8
_cGB
_2CC
999 _c630665
_d630665